000 00557nam a2200205Ia 4500
005 20250508153251.0
008 008 250505s9999 xx 000 0 eng d
037 _aTextual
040 _aFEDL
_beng
_cFEDL
041 _aeng
_2eng
084 _a150.195, JUN
_qFEDL
100 _aJung C G
245 0 _aMemories, dreams, reflections
260 _aLondon, UK
_bCollins and Routledge and Kegan Paul
_c1963
300 _a383p.
365 _aINR
_b36
650 _aPsychology
942 _cTEXL
_h150.195, JUN
999 _c1341623
_d1341623